Etudes pauliniennes /
Obra que reúne tres ensayos que interpreta algunos elementos de la cristología planteada por San Pablo en sus epistolas, como el anuncio de Jesús desde la antigüedad, la plenitud de la Iglesia como plenitud de Jesús y la muerte de Jesús frente a la muerte del cristiano.
Αποθηκεύτηκε σε:
| Κύριος συγγραφέας: | |
|---|---|
| Μορφή: | Βιβλίο |
| Γλώσσα: | Γαλλικά |
| Θέματα: | |
| Ετικέτες: |
Δεν υπάρχουν, Καταχωρήστε ετικέτα πρώτοι!
|
MARC
| LEADER | 00000nam^a2200000^a^4500 | ||
|---|---|---|---|
| 001 | 000331954 | ||
| 005 | 20250521000000.0 | ||
| 009 | 20260310114049.337 | ||
| 037 | |a Acervo Xavier Clavigero | ||
| 041 | |a FRA | ||
| 082 | |a 227. 06 |b FEU | ||
| 100 | |a Feuillet, A. |e (autor) | ||
| 245 | 1 | 0 | |a Etudes pauliniennes / |c A. Feuillet. |
| 264 | |a París, Francia : |b Institut Catholique de Paris, |c fecha no identificada | ||
| 300 | |a 84 p. | ||
| 336 | |a texto |b txt |2 rdacontenido | ||
| 337 | |a sin mediación |b n |2 rdamedio | ||
| 338 | |a volumen |b nc |2 rdasoporte | ||
| 520 | |a Obra que reúne tres ensayos que interpreta algunos elementos de la cristología planteada por San Pablo en sus epistolas, como el anuncio de Jesús desde la antigüedad, la plenitud de la Iglesia como plenitud de Jesús y la muerte de Jesús frente a la muerte del cristiano. | ||
| 649 | |a XX | ||
| 650 | |a Cristología - |x Tema Principal | ||
| 650 | |a Biblia - |x Nuevo Testamento - |x Epístolas de Pablo - |x Historia y Crítica - |x Tema Principal | ||
| 650 | |a Libros Sagrados - |x Historia y Crítica | ||
| 650 | |a Cristianismo | ||
| 650 | |a Religión | ||
| 910 | |a Fondo General | ||
| 920 | |a Impresos - Libros | ||
| 930 | |a Colección General | ||
| 905 | |a 101 | ||
| 901 | |a 0500221425 |b IT1 |c ACC |u 20250521 | ||
| 902 | |a https://opac.biblio.iteso.mx/vufind/Record/000331954 | ||